Datum a čas kvízu
15
Celkem bodů
Celkový počet nahraných bodů na tomto kvízu bez doplňovacích otázek.
5.
Pořadí na kvízu
Konečné umístění týmu na tomto kvízu.
Zaznamenané odpovědi
| # | Otázka | Odpověď | Body | Výsledky |
|---|---|---|---|---|
| 1. | Který český politik a lékař če... | Bohuslav Svoboda | 0 | |
| 2. | Farmáři z australského Nového... | borůvka | 1 | |
| 3. | Minulý týden byla přidána na... | berlínské techno | 0 | |
| 4. | Některé provozovny jistého řet... | McDonald's | 0 | |
| 5. | Český útočník Patrik Schick se... | Karabach | 0 | |
| 6. | Téma začneme v Evropě. Seřaďte... | 1A 2B 3D 4C | 0 | |
| 7. | V souvislosti s Che Guevarou s... | v Argentině | 0 | |
| 8. | Jak se jmenuje tento živočich... | fosa | 1 | |
| 9. | Jak se jmenuje nejlidnatější s... | Indonésie, Jakarta | 0 | |
| 10. | Jak se jmenuje ostrovní stát,... | Maledivy | 0 |